00773nem a2200205 u 450000500170000000800410001704000250005804100080008304400070009111000600009824502510015825500130040926000320042230000340045465000120048865000140050065000180051465000180053271000170055020191224042251.0160513b1996 ck ||||| |a|| 00| 0 spa d aCO-BoIAVHcCO-BoIAVH aspa ack1 aEmpresa Colombiana de petroleos Distrito de Oleoductos 1 aLocalización del oleoducto Cusiana - La Belleza en el área de estudio.bProyecto: Estudio socioeconomico y evaluación fisico espacial para la delimitación de la reserva forestal protectora serrania de las quinchash[Material Cartografico] a1:25.000 aBogotá ;bEcopetrolc1996 a1 mapa ;bcolor ;c79 x 46 cm16aBosques16aCultivos 16aVegetación 16aHidrografía1 aBiocolombia